Carmen dijo que sí / (Registro nro. 11741)

Detalles MARC
000 - LÍDER
campo de control de longitud fija 00998nam a2200313 i 4500
003 - IDENTIFICADOR DE NÚMERO DE CONTROL
campo de control OSt
005 - FECHA Y HORA DE LA ÚLTIMA TRANSACCIÓN
campo de control 20210818181643.0
008 - ELEMENTOS DE DATOS DE LONGITUD FIJA - INFORMACIÓN GENERAL
campo de control de longitud fija 090801s2009 ck a jr 0001jdspa d
020 ## - INTERNATIONAL STANDARD BOOK NUMBER
International Standard Book Number 9789587048315
040 ## - FUENTE DE CATALOGACIÓN
Lenguaje de catalogación spa
Agencia de catalogación original COMFC
Descripción convenciones rda
041 ## - CÓDIGO DE LENGUAJE
Código de idioma de texto / pista de sonido o título separado spa
082 04 - NÚMERO DE CLASIFICACIÓN DECIMAL DEWEY
Número de clasificación 863.6
Número de artículo M543c
100 1# - ENTRADA PRINCIPAL - NOMBRE PERSONAL
Nombre de la persona Meneses Claros, Gerardo,
Fechas asociadas a un nombre 1966-
Término del Relator aut
240 10 - TÍTULO UNIFORME
Título uniforme Huila-Bibliografía regional
245 10 - TÍTULO DECLARACIÓN
Título Carmen dijo que sí /
Declaración de responsabilidad Gerardo Meneses Claros ; ilustraciones de Lorena Alvarez.
264 01 - AVISO DE PRODUCCIÓN, PUBLICACIÓN, DISTRIBUCIÓN, FABRICACIÓN Y DERECHOS DE AUTOR
Lugar de producción Bogotá :
Nombre del productor Alfaguara,
Fecha de producción 2009.
300 ## - DESCRIPCIÓN FÍSICA
Alcance 105 páginas :
Otros datos físicos ilustraciones ;
Dimensiones 20 cm.
336 ## - TIPO DE CONTENIDO
Fuente rdacontent
Tipo de contenido txt
337 ## - TIPO DE MEDIO
Fuente rdamedia
Término del tipo de medio n
338 ## - TIPO DE PORTADOR
Fuente rdacarrier
Término del tipo de operador nc
490 ## - DECLARACIÓN EN SERIE
Estado de cuenta de la serie Alfaguara Infantil
521 ## - NOTA DE AUDIENCIA OBJETIVO
Nota para el público objetivo Desde 10 años.
650 #6 - ENTRADA DE SUJETO AÑADIDO - TÉRMINO TÓPICO
Término tópico o elemento de entrada del nombre geográfico Novela juvenil colombiana.
650 #6 - ENTRADA DE SUJETO AÑADIDO - TÉRMINO TÓPICO
Término tópico o elemento de entrada del nombre geográfico Amor
Subdivisión de forma Novela juvenil.
650 ## - ENTRADA DE SUJETO AÑADIDO - TÉRMINO TÓPICO
Término tópico o elemento de entrada del nombre geográfico Vacaciones
Subdivisión de forma Novela juvenil.
700 1# - ENTRADA AGREGADA - NOMBRE PERSONAL
Nombre de la persona Alvarez, Lorena,
Término del Relator ill
942 ## - ELEMENTOS DE ENTRADA AGREGADOS (KOHA)
Fuente de clasificación o esquema de estanterías Dewey Decimal Classification
Parte de clasificación 863.6 M543c
Prefijo del número de llamada 863.6
Sufijo del número de llamada M543c
949 ## - INFORMACIÓN DE PROCESAMIENTO LOCAL (OCLC)
a
Existencias
Estado de retirada Pérdida de estatus Fuente de clasificación o esquema de estanterías Estado dañado No para préstamo Código de recogida Ubicación permanente Ubicación actual Ubicación de las estanterías Fecha de adquisición Total de Cajas Número Topográfico Código de barras Precio efectivo desde Número de copia Fecha de la última salida Fecha de vencimiento Fecha de la última vez que se vio Tipo de artículo Koha Nota pública
    Dewey Decimal Classification     General Biblioteca Pública Departamental Comfamiliar Risaralda Biblioteca Pública Departamental Comfamiliar Risaralda Área General 16/05/2017 2 863.6 M543c 1001083 18/08/2021 Ej. 1 09/04/2026 24/04/2026 09/04/2026 Libro Novela Infantil y Juvenil